| 000 | 00675cam a2200229 4500 | ||
|---|---|---|---|
| 001 | J238 | ||
| 008 | 090401t1987 xxu||||| |||| 00| 0 eng d | ||
| 035 | _a(Sirsi) u73980 | ||
| 041 | _aeng | ||
| 050 | _a692.8 | ||
| 090 | _aJCT 1987/14A | ||
| 110 |
_aJoint Contracts Tribunal _93664 |
||
| 245 | _aWorks Contract (Works Contract/1)...Section 1: management contractor`s invitation to tender. | ||
| 260 |
_aLondon _bBuilding Employers Confederation _c1987 |
||
| 300 | _a11 leaves in pad of 9 forms ; 30cm. | ||
| 350 | _a0 | ||
| 650 | _aJCT | ||
| 650 | _aMANAGEMENT CONTRACT | ||
| 690 | _aBUILT ENVIRONMENT-BUILDING CONTRACT FORMS | ||
| 942 | _n0 | ||
| 948 | _c04/03/1997 | ||
| 999 |
_c95751 _d95751 |
||